000
00320nam a2200133Ia 4500
008
150201s2008 xx 000 0 und d
082
_a
614.1
_b
P08G
100
_a
GANDHI,NEERAJ
245
_a
PHARMACEUTICAL JURISPRUDENCE
250
_a
1ST
260
_b
CBS
_a
DELHI
_c
2008
650
_a
FORENSIC MEDICINE
942
_2
ddc
_c
BK
999
_c
1192
_d
1192